| 000 | 01100cam0 22003251ib4500 | ||
|---|---|---|---|
| 001 | BY-MI0013-br446413 | ||
| 005 | 20211222141850.0 | ||
| 100 | ^a20160325d2014 y0rusy50 ca | ||
| 101 | 0 | ^arus | |
| 102 | ^aRU | ||
| 105 | ^aa z 000yy | ||
| 200 | 1 |
^aСтроим дом ^bТекст ^eстихи для детей ^fЕлена Котова ^g[худож. Галина Нечитайло] |
|
| 210 |
^aРостов-на Дону ^cАнтураж ^d2014 |
||
| 215 | ^a8с. | ||
| 225 | 0 | ^aКнижка-игрушка "Чудо-глазки" | |
| 610 | 0 | ^aДЕТСКАЯ ЛИТЕРАТУРА | |
| 610 | 0 | ^aСТИХИ | |
| 610 | 0 | ^aДЗІЦЯЧАЯ ЛІТАРАТУРА | |
| 610 | 0 | ^aВЕРШЫ | |
| 686 |
^a84 ^v2 ^2rubbk |
||
| 686 |
^aХЛ ^v4 ^2rugasnti |
||
| 690 |
^a1 ^2Base ^9BY-MI0013 ^xRSEK |
||
| 700 | 1 |
^aКотова ^bЕ. |
|
| 701 | 1 |
^aНечитайло ^bГ. |
|
| 801 | 0 |
^aBY ^bBY-MI0013 ^c20160325 ^gpsbo |
|
| 801 | 2 |
^aBY ^bBY-MI0013 ^c20190522 ^gpsbo |
|
| 899 |
^aBY-MI0013 ^h84 ^iК73 |
||
| 035 | ^a(BY-MI0013)BY-MI0013-br446413 | ||